Politicko-spoločenské aspekty v románe Leonarda Paduru Ako prach vo vetre

Zaoberanie sa politickými a spoločenskými aspektmi v tvorbe Leonarda Paduru, so zameraním na román Ako prach vo vetre. Prostredníctvom generácie postáv spojených priateľstvom Padura vykresľuje Kubu od pádu Fulgencia Bastu po súčasnosť a ukazuje vplyv politických, ekonomických a spoločenských kríz na...

Ausführliche Beschreibung

Gespeichert in:
Bibliographische Detailangaben
1. Verfasser: Tužinská Szalaiová, Sofia, 1973-
Format: Buchkapitel
Sprache:Slowakisch
Schlagworte:
Tags: Tag hinzufügen
Keine Tags, Fügen Sie das erste Tag hinzu!

MARC

LEADER 00000naa a2200000 4500
001 0314031
005 20260119123846.1
041 0 |a slo 
044 |a SK 
245 1 0 |a Politicko-spoločenské aspekty v románe Leonarda Paduru Ako prach vo vetre  |c Sofia Tužinská Szalaiová 
520 |a Zaoberanie sa politickými a spoločenskými aspektmi v tvorbe Leonarda Paduru, so zameraním na román Ako prach vo vetre. Prostredníctvom generácie postáv spojených priateľstvom Padura vykresľuje Kubu od pádu Fulgencia Bastu po súčasnosť a ukazuje vplyv politických, ekonomických a spoločenských kríz na život jednotlivcov. Padurova tvorba tak dokumentuje súčasnú Kubu a podnecuje úvahy o pamäti, identite a ľudskej existencii v kontexte spoločenských zmien a diaspóry. 
610 2 0 |a Kuba 
610 2 0 |a politika 
610 2 0 |a spoločnosť 
610 2 0 |a revolúcia 
610 2 0 |a imigrácia 
610 2 0 |a literatúra 
610 2 0 |a španielčina 
100 1 |a Tužinská Szalaiová, Sofia, 1973-